Beyond Subsistence (Record no. 80988)

MARC details
000 -LEADER
fixed length control field 02669namaa2200445uu 4500
001 - CONTROL NUMBER
control field doab135871
003 - CONTROL NUMBER IDENTIFIER
control field oapen
005 - DATE AND TIME OF LATEST TRANSACTION
control field 20260218110429.0
006 - FIXED-LENGTH DATA ELEMENTS--ADDITIONAL MATERIAL CHARACTERISTICS
fixed length control field m o d
007 - PHYSICAL DESCRIPTION FIXED FIELD--GENERAL INFORMATION
fixed length control field cr|mn|---annan
008 - FIXED-LENGTH DATA ELEMENTS--GENERAL INFORMATION
fixed length control field 240321s2024 xx |||||o ||| 0|eng d
020 ## - INTERNATIONAL STANDARD BOOK NUMBER
International Standard Book Number 9783947251926
020 ## - INTERNATIONAL STANDARD BOOK NUMBER
International Standard Book Number publikation-90099
024 7# - OTHER STANDARD IDENTIFIER
Standard number or code 10.15496/publikation-90099
Source of number or code doi
040 ## - CATALOGING SOURCE
Original cataloging agency oapen
Transcribing agency oapen
Modifying agency
041 0# - LANGUAGE CODE
Language code of text/sound track or separate title eng
042 ## - AUTHENTICATION CODE
Authentication code dc
245 00 - TITLE STATEMENT
Title Beyond Subsistence
Remainder of title Human-Nature Interactions
260 ## - PUBLICATION, DISTRIBUTION, ETC.
Place of publication, distribution, etc. Tübingen
Name of publisher, distributor, etc. Tübingen University Press
Date of publication, distribution, etc. 2024
300 ## - PHYSICAL DESCRIPTION
Extent 1 online resource (178 p.)
336 ## - CONTENT TYPE
Content type term text
Content type code txt
Source rdacontent
337 ## - MEDIA TYPE
Media type term computer
Media type code c
Source rdamedia
338 ## - CARRIER TYPE
Carrier type term online resource
Carrier type code cr
Source rdacarrier
490 1# - SERIES STATEMENT
Series statement RessourcenKulturen
Volume/sequential designation 26
506 0# - RESTRICTIONS ON ACCESS NOTE
Standardized terminology for access restriction Unrestricted online access
Source of term star
520 ## - SUMMARY, ETC.
Summary, etc. Different perspectives aiming to understand the complex relationship of humans and resources were the main focus of the international workshop 'Beyond Subsistence: Human-Nature Interactions', which took place within the initiatives of the Collaborative Research Centre SFB 1070 ResourceCultures at the University of Tübingen. Cultural anthropologists and archaeologists came together to reflect on the meanings and values of different socio-cultural practices surrounding the interactions between humans and nature, which go beyond the pure subsistence needs. From the exploration of modern rice cultivation in India to the personal ornaments of Ice Age Germany, the case studies examined here provide insights on multiple aspects of the existence of humans, animals, plants and substances. By reflecting on behaviours and practices from modern and archaeological contexts, this edited volume offers a detailed report of the interdisciplinary discussions that occurred during the workshop and ultimately allow us to reflect on how we understand the multi-layered interactions among all types of social actors.
540 ## - TERMS GOVERNING USE AND REPRODUCTION NOTE
Terms governing use and reproduction Creative Commons
-- https://creativecommons.org/licenses/by-nc-nd/4.0
-- cc
Uniform Resource Identifier <a href="https://creativecommons.org/licenses/by-nc-nd/4.0">https://creativecommons.org/licenses/by-nc-nd/4.0</a>
546 ## - LANGUAGE NOTE
Language note English
650 #7 - SUBJECT ADDED ENTRY--TOPICAL TERM
Topical term or geographic name entry element Archaeology by period / region
Source of heading or term bicssc
650 #7 - SUBJECT ADDED ENTRY--TOPICAL TERM
Topical term or geographic name entry element Prehistory
Source of heading or term bicssc
720 1# - ADDED ENTRY--UNCONTROLLED NAME
Name Kitagawa, Keiko
Relator code edt
720 1# - ADDED ENTRY--UNCONTROLLED NAME
Name Díaz-Zorita Bonilla, Marta
Relator code edt
720 1# - ADDED ENTRY--UNCONTROLLED NAME
Name Díaz-Zorita Bonilla, Marta
Relator code oth
720 1# - ADDED ENTRY--UNCONTROLLED NAME
Name Kitagawa, Keiko
Relator code oth
720 1# - ADDED ENTRY--UNCONTROLLED NAME
Name Tumolo, Valentina
Relator code edt
720 1# - ADDED ENTRY--UNCONTROLLED NAME
Name Tumolo, Valentina
Relator code oth
793 0# -
-- DOAB Library.
856 ## - ELECTRONIC LOCATION AND ACCESS
Uniform Resource Identifier <a href="https://docs.google.com/spreadsheets/d/1yKIrdCPDAG_9c22mwoOIO2DOhtj65Wqa/edit?usp=sharing&ouid=106555315294820607512&rtpof=true&sd=true ">https://docs.google.com/spreadsheets/d/1yKIrdCPDAG_9c22mwoOIO2DOhtj65Wqa/edit?usp=sharing&ouid=106555315294820607512&rtpof=true&sd=true </a>
Link text List of Curated E-Books
942 ## - ADDED ENTRY ELEMENTS (KOHA)
Koha item type E-Book
Holdings
Withdrawn status Damaged status Not for loan Home library Current library Date acquired Total Checkouts Date last seen Price effective from Koha item type
      Directory of Open Access Books Directory of Open Access Books 12/09/2024   12/09/2024 12/09/2024 E-Book

University of Rizal System
Email us at univlibservices@urs.edu.ph

Visit our Website www.urs.edu.ph/library